00854cam0a220022900 4500001001200000005001700012008004100029035002000070035002200090035002200112040000900134100007700143245010400220250001400324260003200338500004700370650005300417651008100470949004700551004000700598999001900605qcf0019201520190823112739.0831115s1952 fr a 000 0 fre d a(Sirsi) r101144 a(QCAT)lss03935605 a(UPRA)qcf00192015 dUPRA1 aSchweitzer, Albert, 1875-1965.dSchweitzer, Albert, 1875-1965.6A11184.110aA l'oree de la for^et vierge :brecits et reflexions d'un medecin en Afrique equatoriale francaise. aNouv. ed. aParis :bA. Michel,c[1952] aTranslation of Zwischen Wasser und Urwald. 0aMissions -- Gabon.zMissions -- Gabon.6S45651.1 0aGabon -- Description and travel.xGabon -- Description and travel.6S40210.1 aBV3625wlcci-144090mMAINtBOOKlON-SHELF101144 c153650d153650